000 01306dam a2200241 a 4500
005 20240412121051.0
008 100825t2003||||cr f s sp spa d
020 _a9968917087
041 _aspa
092 _c346.0134
_l10
_sCAM
100 1 _aCamacho, Rosalia
_93064
245 _aAcercándonos a los instrumentos internacionales de protección de los derechos humanos de las mujeres /
_cRosalia Camacho
250 _a1a ed.
260 _aSan José [C.R]:
_bInstituto Interamericano de Derechos Humanos;
_c2003.
300 _a102 p.
_c23x16 cm
500 _aCamacho, R. (2003). Acercándonos a los instrumentos internacionales de protección de los derechos humanos de las mujeres. (1a ed.). Costa Rica : Instituto Interamericano de Derechos Humanos.
653 _aDerechos de la mujer
653 _aDerechos humanos
653 _aConvención para prevenir, sancionar y erradicar la violencia contra la mujer
653 _aAnexo: Ratificaciones a la convención sobre la eliminación de todas las formas de discriminación contra la mujer. Ratificaciones a la convención para prevenir, sancionar y erradicar la violencia contra la mujer. Esquemas de los procedimietnos del protocolo facultatico CEDAW
653 _aMaterial de apoyo: Texto de los tres instrumentos internacionales
942 _2ddc
_cBK
999 _c2256
_d2256